| 000 | 00917nam a2200193Ia 4500 | ||
|---|---|---|---|
| 008 | 0000001977 usa 0000000000eng00 | ||
| 020 | _a870991620 | ||
| 090 | _aPRU00 M27r | ||
| 110 | 1 | _aThe Metropolitan Museum of Art. New York | |
| 245 | 1 | 0 |
_aRussian and soviet paintings _b: an exhibition from the Museums of the USSR presented at the Metropolitan Museum of Art, _c/ introduction by Dmitii Vladimirovich Sarabianov ; translation John E. Bowlt ; photography Malcolm Varon |
| 300 |
_a165 p. _c/ 27 cm. |
||
| 500 | _aCon el patronazgo del maestro venezolano Jesús Rafael Soto (q.e.p.d.) | ||
| 650 | 1 | 4 | _aARTE CONTEMPORANEO RUSO |
| 650 | 1 | 4 | _xCATALOGOS |
| 650 | 1 | 4 | _aPINTORES RUSOS |
| 650 | 1 | 4 | _aPINTURA RUSA |
| 700 | 1 | _aSarabianov, Dmitri Vladimirovich \ Korotkevich, E. Yu \ Uspenskaia, E. A. \ Bowlt, John E. \ Varon, Malcolm | |
| 999 |
_c2406 _d2406 |
||
| 260 |
_aNew York : The Metropolitan Museum of Art _c1977 |
||